02072cam a2200409Ka 4500001001300000005001700013008004100030020001500071020001800086020001500104020003800119035003900157040004400196041001300240100003800253245009100291260008000382300004800462490003900510500004400549504004100593505063200634546002001266600003001286600003101316600003101347600002001378600002101398600002601419600003201445600003301477600003101510600003901541650001301580650003001593700003901623ocn64651011520160404124432.0160404s2004 xxuao frb 000 0 eng d z0520243536 z9780520243538 z0520243544 z9780520243545 (pbk. : alk. paper) a(OCoLC)646510115z(OCoLC)609847884 aCo-BoUCMbspacSaul NiñodSaul Niño1 aenghspa1 aApollinaire, Guillaumed1880-191814aThe cubist painterscGuillaume Apollinaire ; translated, with commentary by Peter Read aBerkeley (California, Estados Unidos)bUniversity of California Pressc2004 a234 páginasbilustraciones, fotografías0 aDocuments of twentieth-century art aTraducción de: Los pintores cubistas. aIncluye referencias bibliográficas0 a1: Guillaume Apollinaire, The cubist painters -- On painting -- New Painters -- Picasso -- Georges Braque -- Jean Metzinger -- Albert Gleizes -- Marie Laurencin -- Juan Gris -- Fernand Leger -- Francis Picabia -- Marcel Duchamp -- Duchamp-Villon -- 2: Peter Read, Apollinaire and cubism -- Apollinaire as art critic before The cubist painters -- Apollinaire and cubism -- The cubist painters: Genesis of the book -- The cubist painters: structure, style and modern beauty -- The cubist painters and the enemies of cubism -- Aesthetic meditations. The cubist painters -- Critical response to The cubist painters -- Translations. aTexto en ingles14aPicasso, Pablod1881-197314aBraque, Georgesd1882-196314aMetzinger, Jeand1883-195614aGleizes, Albert14aLaurencin, Marie14aGris, Juand1887-192714aLéger, Fernandd1881-195514aPicabia, Francisd1879-1953.14aDuchamp, Marceld1887-196814aDuchamp-Villon, Raymondd1876-1918 7aCubismo  7aPostimpresionismo (Arte) 1 aRead, Peterq(Peter F.)etraductor